UBT Library

Përrallëza (Record no. 60933)

000 -LEADER
fixed length control field 00291nam a22001337a 4500
008 - FIXED-LENGTH DATA ELEMENTS--GENERAL INFORMATION
fixed length control field 260325b ||||| |||| 00| 0 eng d
020 ## - INTERNATIONAL STANDARD BOOK NUMBER
International Standard Book Number 9789951059206
041 ## - LANGUAGE CODE
Language code of text/sound track or separate title Shqip
080 ## - UNIVERSAL DECIMAL CLASSIFICATION NUMBER
Universal Decimal Classification number 821.14
100 ## - Rafti
Rafti 25
101 ## - Shkurtesa
Shkurtesa Përrallëza
245 ## - TITLE STATEMENT
Title Përrallëza
Statement of responsibility, etc Ezopi
942 ## - ADDED ENTRY ELEMENTS (KOHA)
Source of classification or shelving scheme
Item type Books
Holdings
Withdrawn status Lost status Source of classification or shelving scheme Damaged status Not for loan Collection code Permanent location Current location Date acquired Total Checkouts Barcode Date last seen Price effective from Koha item type
          Koleksioni i përgjithshem UBT - Lipjan UBT - Lipjan 03/25/2026   003-800070999421 03/25/2026 03/25/2026 Books
          Koleksioni i përgjithshem UBT - Lipjan UBT - Lipjan 03/25/2026   003-800070999422 03/25/2026 03/25/2026 Books
          Koleksioni i përgjithshem UBT - Lipjan UBT - Lipjan 03/25/2026   003-800070999423 03/25/2026 03/25/2026 Books
          Koleksioni i përgjithshem UBT - Lipjan UBT - Lipjan 03/25/2026   003-800070999424 03/25/2026 03/25/2026 Books
          Koleksioni i përgjithshem UBT - Lipjan UBT - Lipjan 03/25/2026   003-800070999425 03/25/2026 03/25/2026 Books
          Koleksioni i përgjithshem UBT - Lipjan UBT - Lipjan 03/25/2026   003-800070999426 03/25/2026 03/25/2026 Books
UBT Library © 2015-2024. All rights reserved University Education for Business and Technology